[Event "Challenge"]
[Site "http://www.queenalice.com/game.php?id=441912"]
[Date "2008.7.31"]
[Round "-"]
[White "creualta"]
[Black "paulozarat"]
[Result "0-1"]
[WhiteElo "1604"]
[BlackElo "1353"]

1. e4 e5 2. Nf3 d6 3. d4 Bg4 4. d5 Bxf3 5. Qxf3 Qf6 6. Qb3 b6 7. Qa4+ Nd7 8. Bb5
Qd8 9. Bc6 Rb8 10. Qxa7 Nf6 11. Qa4 h6 12. Nc3 Be7 13. f4 exf4 14. Bxf4 O-O 15.
e5 dxe5 16. Bg3 Bd6 17. Bh4 g5 18. Bxd7 Nxd7 19. Bf2 Nf6 20. O-O-O e4 21. Nxe4
Ra8 22. Qc4 Nxe4 23. Qxe4 Rxa2 24. h4 Bf4+ 25. Kb1 Ra5 26. Be3 Re8 27. Qd4 Rxe3
28. Rdf1 Rxd5 29. Qf6 Qxf6 30. h5 Rb5 31. b3 Qc3 32. Rh3 Bg3 33. Rd1 Rxb3+ 34.
Kc1 Qb2+ 35. Kd2 Rbd3# 0-1

[Event "Challenge"]
[Site "http://www.queenalice.com/game.php?id=444612"]
[Date "2008.8.6"]
[Round "-"]
[White "fafaducarmo"]
[Black "paulozarat"]
[Result "1-0"]
[WhiteElo "1098"]
[BlackElo "1350"]

1. d4 d5 2. c4 Be6 3. Nc3 c6 4. Bf4 Nd7 5. c5 h6 6. h3 Ngf6 7. Nf3 Qa5 8. Ne5
Qb4 9. Qc2 Qxd4 10. Nxd7 Bxd7 11. Be3 Qe5 12. O-O-O Bf5 13. Qb3 d4 14. Bxd4 Qf4+
15. Be3 Qe5 16. f4 Qe6 17. Qxe6 fxe6 18. Bd4 Nd5 19. e4 Bxe4 20. Nxe4 Nxf4 21.
g3 Ng6 22. Bc4 e5 23. Rhf1 exd4 24. Bf7+ Kd8 25. Rxd4+ Kc7 26. Bxg6 e6 27. Rf7+
Kc8 28. Rfd7 Bxc5 29. Nxc5 Rb8 30. Rxg7 e5 31. Rdd7 b5 32. Rc7+ Kd8 33. Rgd7#
1-0

[Event "Challenge"]
[Site "http://www.queenalice.com/game.php?id=447397"]
[Date "2008.8.11"]
[Round "-"]
[White "Andrei_78"]
[Black "paulozarat"]
[Result "1-0"]
[WhiteElo "1439"]
[BlackElo "1445"]

1. e4 e5 2. d3 d6 3. h3 Nf6 4. Nc3 Nc6 5. a3 Qe7 6. Nf3 g6 7. Be2 Nd4 8. O-O d5
9. Bg5 dxe4 10. dxe4 Nxf3+ 11. Bxf3 Qd6 12. Qxd6 cxd6 13. Bxf6 1-0

[Event "Challenge"]
[Site "http://www.queenalice.com/game.php?id=447621"]
[Date "2008.8.12"]
[Round "-"]
[White "paulozarat"]
[Black "creualta"]
[Result "0-1"]
[WhiteElo "1368"]
[BlackElo "1674"]

1. e4 e5 2. d3 Nf6 3. Nf3 d6 4. Nbd2 Be7 5. Qe2 Nc6 6. h3 d5 7. Nb3 Be6 8. Bg5
O-O 9. Bxf6 Bxf6 10. Nc5 b6 11. Na6 Bc8 12. Qd2 Bxa6 13. O-O-O Nd4 0-1

[Event "Invitation"]
[Site "http://www.queenalice.com/game.php?id=473818"]
[Date "2008.10.7"]
[Round "-"]
[White "paulozarat"]
[Black "Rieth"]
[Result "0-1"]
[WhiteElo "1337"]
[BlackElo "1557"]

1. e4 e5 2. Nf3 Nc6 3. Bc4 h6 4. d3 Nf6 5. a3 Bc5 6. h3 Nd4 7. Nxe5 d5 8. c3
dxc4 9. cxd4 Bxd4 10. Nxc4 b5 11. Ncd2 O-O 12. O-O Be6 13. Nb3 Bxb3 14. Qxb3 Rb8
15. a4 bxa4 16. Qxa4 Bxb2 17. Ra2 Bxc1 18. Rxc1 Qxd3 19. Qc2 Qxe4 20. Qxe4 Nxe4
21. Rxa7 c5 22. f3 Nf6 23. Nd2 Rbc8 24. Nb3 c4 25. Na5 c3 26. Nb3 Nh5 27. Nd4
Nf4 28. Ra3 Rfd8 29. Ra4 Rxd4 30. Rca1 Rxa4 31. Rxa4 c2 32. Ra1 c1=Q+ 33. Rxc1
Rxc1+ 34. Kh2 g5 35. g3 Nd3 36. h4 gxh4 37. gxh4 Kg7 38. Kg3 h5 39. f4 f5 40.
Kf3 Rh1 41. Kg3 Kg6 42. Kf3 Rxh4 43. Ke3 Rh3+ 44. Kd4 Nxf4 45. Ke5 Ne2 46. Kd5
Re3 47. Kc4 f4 48. Kd5 f3 49. Kd6 f2 50. Kd5 f1=Q 51. Kd6 Qd1+ 52. Kc5 Rc3+ 53.
Kb6 Qb1+ 54. Ka5 Ra3# 0-1

[Event "Challenge"]
[Site "http://www.queenalice.com/game.php?id=485912"]
[Date "2008.10.31"]
[Round "-"]
[White "paulozarat"]
[Black "PH_gga"]
[Result "1-0"]
[WhiteElo "1323"]
[BlackElo "1472"]

1. e4 e5 2. Nf3 Nc6 3. a3 Nf6 4. d3 a5 5. Bg5 Be7 6. Bxf6 Bxf6 7. Nc3 O-O 8. Be2
b6 9. O-O Ba6 10. h3 d6 11. Rb1 Nd4 12. b4 axb4 13. axb4 Bb7 14. b5 Qd7 15. Ne1
Nxe2+ 16. Qxe2 c5 17. bxc6 Qxc6 18. Nd5 Ra2 19. Rxb6 Rxc2 20. Qxc2 Qd7 21. Qc3
Bxd5 22. exd5 e4 23. Qb4 exd3 24. Nxd3 Rd8 25. Re1 Qc7 26. Rb1 g5 27. Qg4 Bd4
28. Qxd4 Qe7 29. Rb7 Qf8 30. Qf6 Re8 31. Qxg5+ Kh8 32. Qf6+ Kg8 33. Re1 Rc8 34.
Ree7 Qg7 35. Rxf7 Qxf6 36. Rxf6 Rd8 37. Nf4 Re8 38. Rxd6 Rf8 39. Ne6 Re8 40. Rd8
Rxd8 41. Nxd8 Kf8 42. Ne6+ Ke8 43. d6 h6 44. d7+ Ke7 45. d8=Q+ Kxe6 46. Rb5 Kf7
47. Rb6 Kg7 48. Qe7+ Kg8 49. Rb8# 1-0

[Event "Challenge"]
[Site "http://www.queenalice.com/game.php?id=494784"]
[Date "2008.11.18"]
[Round "-"]
[White "Rieth"]
[Black "paulozarat"]
[Result "0-1"]
[WhiteElo "1591"]
[BlackElo "1362"]

1. e4 e5 2. Nf3 Nc6 3. Bc4 Nh6 4. d3 Qf6 5. Bxh6 Bb4+ 6. c3 Bd6 7. Bg5 Qg6 8. h4
h6 9. h5 Qh7 10. Na3 hxg5 11. Nxg5 Qh6 12. Nxf7 Qh7 13. Nxh8 Qxh8 14. Qf3 Qf8
15. Qxf8+ Bxf8 16. Nb5 Kd8 17. O-O a6 18. Na3 d6 19. f4 Be7 20. fxe5 Nxe5 21.
Nc2 g6 22. h6 Ke8 23. h7 d5 24. h8=Q+ Kd7 25. Qxe5 dxc4 26. dxc4 Bd6 27. Rf7+
Kc6 28. Nd4+ Kb6 29. b4 Bxe5 30. b5 a5 31. Rf8 Kc5 32. Rg8 Kxc4 33. Rxg6 Kxc3
34. Ne2+ Kd3 35. Re1 Kxe4 36. Nc3+ Kf5 37. Rxe5+ Kxe5 38. Rg8 Kd4 39. Ne2+ Kc4
40. g4 b6 41. g5 Bb7 42. Rxa8 Bxa8 43. Nf4 Kxb5 44. g6 Be4 45. g7 Bh7 46. Nh5
Bg8 47. Nf6 Bxa2 48. Kf2 c5 49. Ke3 a4 50. Nd5 Bxd5 0-1

[Event "Mais um??"]
[Site "http://www.queenalice.com/game.php?id=501887"]
[Date "2008.12.3"]
[Round "-"]
[White "paulozarat"]
[Black "Rieth"]
[Result "0-1"]
[WhiteElo "1404"]
[BlackElo "1612"]

1. e4 e5 2. Nf3 Nc6 3. Bb5 a6 4. Bxc6 bxc6 5. Nxe5 Nf6 6. d3 Bb7 7. Nc4 d5 8.
Ncd2 dxe4 9. dxe4 c5 10. f3 Be7 11. a3 O-O 12. O-O Re8 13. Qe2 a5 14. Qb5 Ba6
15. Qxa5 Bxf1 16. Qc3 Bb5 17. Qe3 Qd4 18. Nf1 Qxe3+ 19. Bxe3 Rad8 20. Nc3 Bxf1
21. Rxf1 Nd7 22. Rb1 Nb6 23. b3 c4 24. Nb5 cxb3 25. cxb3 Rc8 26. a4 c6 27. Na7
Rb8 28. Nxc6 Rb7 29. a5 Nd7 30. b4 Rc7 31. Rc1 Nb8 32. b5 Nxc6 33. bxc6 Rec8 34.
a6 Rxc6 35. Ra1 h6 36. a7 Ra8 37. g4 Bc5 38. Bf2 Bxf2+ 39. Kxf2 Rc7 40. h4 Raxa7
41. Re1 Rc2+ 42. Kg3 g5 43. e5 Raa2 44. e6 Rg2+ 45. Kh3 Rh2+ 46. Kg3 Rag2# 0-1

[Event "Aollinnn!!!"]
[Site "http://www.queenalice.com/game.php?id=572611"]
[Date "2009.4.15"]
[Round "-"]
[White "tsabadini"]
[Black "paulozarat"]
[Result "0-1"]
[WhiteElo "1052"]
[BlackElo "1392"]

1. d4 d5 2. Nf3 Bg4 3. Ne5 Bh5 4. g3 f6 5. Nf3 Bxf3 6. exf3 a6 7. Nc3 h6 8. g4
c6 9. Bf4 Nd7 10. Bg2 g5 11. Be3 Qa5 12. Qd2 O-O-O 13. O-O Kb8 14. f4 gxf4 15.
Bxf4+ Ka8 16. a4 e5 17. Rfe1 exf4 18. Reb1 Bd6 19. Ra3 h5 20. h3 Bxa3 21. bxa3
Ka7 22. Qxf4 Qxc3 23. gxh5 Qxc2 24. Re1 Qxa4 25. Qc7 Ne7 26. Rxe7 Qd1+ 27. Kh2
Nb8 28. h6 Qxd4 29. Re6 Qxf2 30. Qg7 Qf4+ 31. Kg1 Qxh6 32. Qf7 Qc1+ 33. Kf2 Qxa3
34. Re7 Rd7 35. Rxd7 Nxd7 36. Qxd7 Qa2+ 37. Kf3 Rh5 38. Qg4 Rg5 39. Qd4+ Kb8 40.
Qxf6 Rxg2 41. Qd8+ Ka7 42. h4 Qf2# 0-1

[Event "Rieth"]
[Site "http://www.queenalice.com/game.php?id=572925"]
[Date "2009.4.16"]
[Round "1"]
[White "tsabadini"]
[Black "paulozarat"]
[Result "0-1"]
[WhiteElo "1048"]
[BlackElo "1395"]

1. d4 d5 2. Nf3 e6 3. Ne5 Qf6 4. Ng4 Qh4 5. h3 f5 6. g3 Qd8 7. Ne5 Nh6 8. Bxh6
gxh6 9. Bg2 Qd6 10. Ng4 h5 11. Nf6+ Kf7 12. Ne8 Kxe8 13. Bf3 h4 14. gxh4 Qf4 15.
b3 Qxh4 16. Nc3 Bb4 17. Qd2 Nc6 18. Qd3 Nxd4 19. Qe3 Nxc2+ 20. Kd1 Nxa1 21. Nb5
Kd8 22. Rg1 a6 23. Na7 Bd7 24. Qe5 Rxa7 25. Qxh8+ Ke7 26. Rg7+ Kd6 27. Rxh7 Qd4+
28. Kc1 Qd2+ 29. Kb1 Bc3 30. Qf8+ Ke5 31. Qg7+ Kd6 32. Qf8+ Kc6 33. Bxd5+ Qxd5
34. a4 Qd1+ 35. Ka2 Qxe2+ 36. Kb1 Qc2# 0-1

[Event "Rieth"]
[Site "http://www.queenalice.com/game.php?id=583708"]
[Date "2009.5.5"]
[Round "2"]
[White "paulozarat"]
[Black "Rapha66"]
[Result "0-1"]
[WhiteElo "1398"]
[BlackElo "1915"]

1. e4 e5 2. Nf3 d6 3. Bb5+ c6 4. Bc4 Bg4 5. h3 Bxf3 6. Qxf3 Nf6 7. d3 h6 8. O-O
a5 9. a3 Nbd7 10. Bd2 Nc5 11. b4 axb4 12. Bxb4 Na4 13. Bb3 c5 14. Bc3 Qb6 15.
Bxa4+ Rxa4 16. Nd2 Qc6 17. Qe3 d5 18. Bxe5 d4 19. Qf4 Be7 20. Qg3 Nh5 21. Qg4
Qg6 22. Qc8+ Bd8 23. Qxb7 O-O 24. Qd5 Bg5 25. Nb3 Bf4 26. Qxc5 Bxe5 27. Qxe5 f6
28. Qd5+ Kh8 29. Nxd4 Nf4 30. Qd6 Qxg2# 0-1

[Event "A revanche!!!!"]
[Site "http://www.queenalice.com/game.php?id=598280"]
[Date "2009.6.4"]
[Round "-"]
[White "tsabadini"]
[Black "paulozarat"]
[Result "0-1"]
[WhiteElo "1158"]
[BlackElo "1398"]

1. e4 e5 2. Qh5 g6 3. Qxe5+ Qe7 4. Qxh8 Qf6 5. Qxg8 h5 6. Be2 Qg7 7. Nf3 Qxg8 8.
O-O d6 9. e5 d5 10. Nc3 c6 11. d4 Bf5 12. Re1 Bxc2 13. b4 Bxb4 14. Bd2 Ba3 15.
e6 fxe6 16. Bc1 Qf8 17. Nh4 Kf7 18. Nxg6 Kxg6 19. g3 Qb4 20. Bxa3 Qxa3 21. Bd1
Qxc3 22. Rxe6+ Kf7 23. Rc1 Qd2 24. Re2 Qxc1 25. Rxc2 Qxd1+ 26. Kg2 Qxc2 27. a3
Nd7 28. a4 Qxa4 29. Kh3 Qxd4 30. Kg2 h4 31. Kh3 hxg3 32. Kxg3 Rg8+ 33. Kh3 Qg4#
0-1

[Event "Rieth"]
[Site "http://www.queenalice.com/game.php?id=608971"]
[Date "2009.6.26"]
[Round "3"]
[White "Rieth"]
[Black "paulozarat"]
[Result "1-0"]
[WhiteElo "1757"]
[BlackElo "1406"]

1. e4 e5 2. Nf3 d6 3. Bc4 Nh6 4. d3 Ng4 5. Ng5 Qf6 6. Bxf7+ Kd8 7. Qf3 h6 8.
Qxf6+ gxf6 9. Ne6+ Bxe6 10. Bxe6 h5 11. Nc3 Ke7 12. Nd5+ Kd8 13. f3 Nh6 14. Nxf6
Ke7 15. Nd5+ Kd8 16. Bg5+ Be7 17. Nxe7 Re8 18. Nc8+ Re7 19. Nxe7 c5 20. Nd5+ Ke8
21. Nc7+ Kf8 22. Nxa8 Nc6 23. Bxh6+ Ke7 24. Bd5 Nd8 25. g4 hxg4 26. fxg4 Nf7 27.
Bxf7 Kxf7 28. g5 Kg6 29. Rg1 Kh5 30. g6 Kh4 31. g7 Kh3 32. g8=Q Kxh2 33. Qg2#
1-0

[Event "Challenge"]
[Site "http://www.queenalice.com/game.php?id=612467"]
[Date "2009.7.3"]
[Round "-"]
[White "tsabadini"]
[Black "paulozarat"]
[Result "0-1"]
[WhiteElo "1208"]
[BlackElo "1404"]

1. d4 d5 2. Nf3 Nf6 3. Bg5 Ne4 4. e3 Nxg5 5. Nxg5 e5 6. Qf3 Qxg5 7. Bb5+ c6 8.
Ba4 exd4 9. h4 Qe5 10. c3 dxe3 11. fxe3 Bc5 12. Rf1 Qxe3+ 13. Kd1 Qxf3+ 14. Rxf3
Bg4 15. Nd2 O-O 16. b4 Be7 17. Kc1 Bxf3 18. Nxf3 b5 19. Bb3 a5 20. Ne5 axb4 21.
Nd7 Nxd7 22. Kc2 bxc3 23. g4 Bxh4 24. Rh1 Bf6 25. Rg1 Ne5 26. Kxc3 Bg5 27. Rg2
f5 28. Rf2 Nxg4 29. Rf3 g6 30. Bc2 Rxa2 31. Bb3 Ra3 32. Rh3 Bf6+ 33. Kb4 Bb2 34.
Rh2 Nxh2 0-1

[Event "Challenge"]
[Site "http://www.queenalice.com/game.php?id=613243"]
[Date "2009.7.4"]
[Round "-"]
[White "paulozarat"]
[Black "tsabadini"]
[Result "1-0"]
[WhiteElo "1413"]
[BlackElo "1206"]

1. d4 d5 2. Nc3 Bg4 3. f3 Bf5 4. g4 Be6 5. e4 dxe4 6. Nxe4 Nc6 7. Be3 Nb4 8. a3
Nc6 9. Bb5 f5 10. Ng5 Bd5 11. h3 h6 12. Bxc6+ bxc6 13. c4 hxg5 14. cxd5 Qd6 15.
Bxg5 Qg3+ 16. Kd2 Qg2+ 17. Ne2 Qxf3 18. dxc6 Qxc6 19. gxf5 Rh5 20. h4 Rb8 21.
Qc1 Qe4 22. b4 Rb7 23. Qc2 Qg2 24. Qc4 a5 25. Qxg8 axb4 26. Bxe7 Kxe7 27. Rhg1
Qe4 28. Qe6+ Qxe6 29. fxe6 Kxe6 30. Nf4+ Kd7 31. Nxh5 b3 32. Rab1 Rb5 33. Rg5
Rb6 34. Nxg7 Bxa3 35. h5 Bb4+ 36. Kd3 c5 37. Rxb3 Rc6 38. d5 c4+ 39. Kd4 Rc5 40.
Rxb4 Rc7 41. Kc3 Rc8 42. h6 Rh8 43. Rh5 Rf8 44. h7 Rf3+ 45. Kxc4 Rf4+ 46. Kc5
Rf3 47. h8=Q Rc3+ 48. Kd4 1-0

[Event "Challenge"]
[Site "http://www.queenalice.com/game.php?id=619434"]
[Date "2009.7.15"]
[Round "-"]
[White "paulozarat"]
[Black "tsabadini"]
[Result "1-0"]
[WhiteElo "1422"]
[BlackElo "1188"]

1. e4 e5 2. a3 Qh4 3. Nf3 Qxe4+ 4. Be2 Qg4 5. O-O Nf6 6. Nxe5 Qe6 7. Nf3 Ne4 8.
d3 Nf6 9. Ng5 Qd5 10. Bf3 Qe5 11. Re1 d6 12. g3 Kd8 13. Rxe5 dxe5 14. Nxf7+ 1-0

[Event "Agora vaii!!!!!!!"]
[Site "http://www.queenalice.com/game.php?id=620680"]
[Date "2009.7.18"]
[Round "-"]
[White "paulozarat"]
[Black "tsabadini"]
[Result "1-0"]
[WhiteElo "1429"]
[BlackElo "1226"]

1. e4 e5 2. Nf3 Bc5 3. g3 d5 4. Bb5+ c6 5. Bd3 h5 6. Nxe5 Qf6 7. Nf3 Bg4 8. Be2
b5 9. Nh4 Bxf2+ 10. Kf1 g6 11. Bxg4 Bd4+ 12. Bf3 dxe4 13. c3 Bc5 14. b4 g5 15.
Ke1 gxh4 16. bxc5 exf3 17. Rf1 hxg3 18. Rxf3 Qg6 19. Rxg3 Qe4+ 20. Re3 Nf6 21.
Rxe4+ Nxe4 22. Qe2 f5 23. d3 Rg8 24. dxe4 Rg1+ 25. Kd2 f4 26. Qxh5+ Kf8 27. Qf5+
Ke8 28. Qxf4 Rg2+ 29. Ke1 Kd8 30. Na3 Na6 31. Be3 Rxh2 32. Qxh2 Rb8 33. Bf4 Rb7
34. Rd1+ Ke8 35. Qh8+ Kf7 36. Qh7+ Ke8 37. Qxb7 Nxc5 38. Qxc6+ Nd7 39. Qxd7+ Kf8
40. Bh6+ Kg8 41. Qg7# 1-0

[Event "Agora deve ir!!"]
[Site "http://www.queenalice.com/game.php?id=622752"]
[Date "2009.7.22"]
[Round "-"]
[White "tsabadini"]
[Black "paulozarat"]
[Result "1-0"]
[WhiteElo "1240"]
[BlackElo "1437"]

1. d4 c5 2. Bf4 Qa5+ 3. c3 Qb5 4. a4 Qc6 5. f3 d6 6. a5 Bf5 7. e4 Bxe4 8. Nd2
Bd5 9. c4 e5 10. cxd5 Qxd5 11. Nb3 exf4 12. Ne2 Qf5 13. Ng3 Qg5 14. Bb5+ Kd8 15.
O-O a6 16. Qe2 c4 17. Bxc4 Nc6 18. Bxf7 Nh6 19. Qe8+ Kc7 20. Qxa8 Qb5 21. Be6
Qe2 22. Nxe2 Nxd4 23. Nbxd4 g5 24. g3 Ng4 25. Bxg4 Be7 26. Qxh8 h5 27. Qxh5 b5
28. Rac1+ 1-0